| 000 -LEADER |
| fixed length control field |
00511nam a22001457a 4500 |
| 020 ## - INTERNATIONAL STANDARD BOOK NUMBER |
| ISBN |
9789718219966 |
| 082 ## - DEWEY DECIMAL CLASSIFICATION NUMBER |
| Classification number |
899.211 |
| Item number |
B5178 2022 |
| 100 ## - MAIN ENTRY--AUTHOR NAME |
| Personal name |
Bernales, Rolando A., author. |
| 245 ## - TITLE STATEMENT |
| Title |
Sosyedad at literature (o panitikang panlipunan) / Rolando A. Bernales [and three others]. |
| 260 ## - PUBLICATION, DISTRIBUTION, ETC. (IMPRINT) |
| Place of publication |
Malabon City : |
| Name of publisher |
Mutya Publishing House, Inc., |
| Year of publication |
©2022. |
| 300 ## - PHYSICAL DESCRIPTION |
| Number of Pages |
256 pages : |
| Other physical details |
illustrations ; 26 cm. |
| 500 ## - GENERAL NOTE |
| General note |
Includes bibliographical references. |
| 650 ## - SUBJECT ADDED ENTRY--TOPICAL TERM |
| Topical Term |
Literature -- Philosophy. |
| 942 ## - ADDED ENTRY ELEMENTS (KOHA) |
| Koha item type |
Books |